| 000 | 01062nam0a22002771 4500 | ||
|---|---|---|---|
| 001 | rc\4519659 | ||
| 005 | 20250612105429.0 | ||
| 021 |
_aRU _b[62-68031] |
||
| 035 | _a(NLR Aleph) 008624359 | ||
| 090 |
_a8843156 _c8843156 |
||
| 100 | _a20130416d1962 |||y0rusy50 ca | ||
| 101 | 1 |
_arus _ckbd |
|
| 102 | _aRU | ||
| 105 | _ay z |||a| | ||
| 200 | 1 |
_aЧудесное мгновение _eРоман _fАвториз. пер. с кабард. С. Бондарина |
|
| 210 |
_aНальчик _cКабард.-Балкар. кн. изд-во _d1962 |
||
| 215 |
_a495 с. _d20 |
||
| 606 |
_aВеликая Октябрьская социалистическая революция _yКабарда (х. л.) _2psbo |
||
| 606 |
_aРеволюционное движение в Кабарде _z20 в. (до 1917 г.) (х. л.) _2psbo |
||
| 700 | 1 |
_aКешоков _bА.П. _f1914- _gАлим Пшемахович |
|
| 702 | 1 |
_aБондарин _bС. _4730 |
|
| 801 | 0 |
_aRU _bNLR _gpsbo |
|
| 801 | 1 |
_aRU _bELAR _2rusmarc |
|
| 852 |
_aNLR _j62-3/4915 |
||
| 942 | _cBOOK | ||
| 980 | _aNB | ||